AFI's 100 Years...100 Movie Quotes - Statistics

General Stats
  • This quiz has been taken 333 times
  • The average score is 65 of 100
Answer Stats
Hint Answer % Correct
I'll get to you, my pretty, and your little dog, too! | There's no place like home | Toto, I've a feeling we're not in Kansas anymore. The Wizard of Oz
99%
E.T. phone home. E.T. the Extra-terrestrial
98%
I'm gonna make him an offer he can't refuse. The Godfather
98%
May the Force be with you. Star Wars
97%
I'll be back. The Terminator
97%
Here's looking at you, kid. | Louis, I think this is the beginning of a beautiful friendship. | Of all the gin joints in all the towns in all the world, she walks into mine. | +3 others Casablanca
96%
Frankly, my dear, I don't give a damn. Gone With the Wind
96%
After all, tomorrow is another day! | As God is my witness, I'll never be hungry again. Gone with the Wind
96%
My mama always said life was like a box of chocolates. You never know what you're gonna get. Forrest Gump
95%
Houston, we have a problem. Apollo 13
94%
Here's Johnny! The Shining
93%
I'm the king of the world! Titanic
92%
You're gonna need a bigger boat. Jaws
91%
Mrs. Robinson, you're trying to seduce me. Aren't you? | Plastics. The Graduate
91%
Yo, Adrian! Rocky
90%
You talking to me? Taxi Driver
89%
Rosebud. Citizen Kane
88%
A census taker once tried to test me. I ate his liver with some fava beans and a nice Chianti. The Silence of the Lambs
88%
I see dead people. The Sixth Sense
88%
It's alive! It's alive! Frankenstein
86%
A boy's best friend is his mother. Psycho
85%
Say "hello" to my little friend! Scarface
84%
Open the pod bay doors, HAL. 2001: A Space Odyssey
83%
Forget it, Jake, it's Chinatown. Chinatown
83%
You've got to ask yourself one question: 'Do I feel lucky?' Well, do ya, punk? Dirty Harry
83%
Show me the money! | You had me at "hello." Jerry Maguire
83%
Oh, no, it wasn't the airplanes. It was Beauty killed the Beast King Kong
83%
I have always depended on the kindness of strangers. | Stella! Hey, Stella! A Streetcar Named Desire
81%
Nobody puts Baby in a corner. Dirty Dancing
81%
Take your stinking paws off me, you damned dirty ape. Planet of the Apes
81%
Elementary, my dear Watson. The Adventures of Sherlock Holmes
81%
I love the smell of napalm in the morning. Apocalypse Now
80%
My precious. Lord of the Rings: The Two Towers
80%
Striker: Surely you can't be serious. Rumack: I am serious...and don't call me Shirley. Airplane
79%
I'll have what she's having. When Harry Met Sally
79%
You can't handle the truth! A Few Good Men
78%
If you build it, he will come Field of Dreams
78%
You don't understand! I coulda had class. I could have been a contender. I could've been somebody, instead of a bum, which is what I am. On the Waterfront
78%
There's no crying in baseball! A League of Their Own
76%
Hasta la vista, baby. Terminator 2: Judgment Day
76%
Bond. James Bond. Dr. No
74%
Greed, for lack of a better word, is good. Wall Street
74%
Shane. Shane. Come back! Shane
73%
A martini. Shaken, not stirred. Goldfinger
72%
Carpe diem. Seize the day, boys. Make your lives extraordinary. Dead Poets Society
71%
Toga! Toga! National Lampoon's Animal House
71%
I feel the need--the need for speed! Top Gun
71%
All right, Mr. DeMille, I'm ready for my close-up. | I am big! It's the pictures that got small. Sunset Blvd.
69%
Gentlemen, you can't fight in here! This is the War Room! Dr. Strangelove
64%
We rob banks. Bonnie and Clyde
63%
They're here! Poltergeist
63%
I'm walking here! I'm walking here! Midnight Cowboy
59%
Soylent Green is people! Soylent Green
59%
I'm mad as hell, and I'm not going to take this anymore! Network
58%
Keep your friends close, but your enemies closer. The Godfather II
57%
What we've got here is failure to communicate. Cool Hand Luke
55%
Cinderella story. Outta nowhere. A former greenskeeper, now, about to become the Masters champion. It looks like a mirac...It's in the hole! It's in the hole! It's in the hole! Caddyshack
52%
They call me Mister Tibbs! In the Heat of the Night
52%
Love means never having to say you're sorry. Love Story
52%
Well, nobody's perfect. Some Like It Hot
52%
Listen to them. Children of the night. What music they make. Dracula
48%
Fasten your seatbelts. It's going to be a bumpy night. All About Eve
46%
No wire hangers, ever! Mommie Dearest
44%
Attica! Attica! Dog Day Afternoon
42%
The stuff that dreams are made of. The Maltese Falcon
41%
Snap out of it! Moonstruck
39%
Badges? We ain't got no badges! We don't need no badges! I don't have to show you any stinking badges! The Treasure of the Sierra Madre
38%
La-dee-da, la-dee-da. Annie Hall
35%
Go ahead, make my day. Sudden Impact
32%
Today, I consider myself the luckiest man on the face of the Earth. The Pride of the Yankees
32%
Made it, Ma! Top of the world! White Heat
27%
Hello, gorgeous. Funny Girl
26%
Wait a minute, wait a minute. You ain't heard nothin' yet! The Jazz Singer
26%
My mother thanks you. My father thanks you. My sister thanks you. And I thank you. Yankee Doodle Dandy
25%
One morning I shot an elephant in my pajamas. How he got in my pajamas, I don't know. Animal Crackers
24%
Listen to me, mister. You're my knight in shining armor. Don't you forget it. You're going to get back on that horse, and I'm going to be right behind you, holding on tight, and away we're gonna go, go, go! On Golden Pond
21%
Is it safe? Marathon Man
20%
You know how to whistle, don't you, Steve? You just put your lips together and blow. To Have and Have Not
20%
I want to be alone. Grand Hotel
17%
Tell 'em to go out there with all they got and win just one for the Gipper. Knute Rockne All American
17%
Mother of mercy, is this the end of Rico? Little Caesar
15%
Oh, Jerry, don't let's ask for the moon. We have the stars. Now, Voyager
13%
Life is a banquet, and most poor suckers are starving to death! Auntie Mame
11%
Sawyer, you're going out a youngster, but you've got to come back a star! 42nd Street
9%
Why don't you come up sometime and see me? She Done Him Wrong
9%
Well, here's another nice mess you've gotten me into! Sons of the Desert
5%
What a dump. Beyond the Forest
4%
Who's on first. The Naughty Nineties
4%
No matching quizzes found
Score Distribution
Percent of People with Each Score
Percentile by Number Answered
Your Score History
You have not taken this quiz